00472nam a22001572 4500001001100000005001700011008004100028040001500069100002900084245009400113250001300207260003600220300001600256651003900272852000300311000000968520151217155842.0081116s xx 000 0 eng d aKABUcKABU1 aCoupland, R.@000016133714aThe Exploitation of East Africa 1856-1890 :bslave trade and the scramble /cR. Coupland. a1st ed. aLondon :bFaber & Faber,c1939. aix, 507 p. 0aAfrica, EastxHistory.@00001494881